000
00220 a2200097 4500
001
24720
100
_a
Dinsdale, A
245
_a
Viscosity and its Measurement
260
_a
_b
Chapman & Hall
_c
1962
090
_c
16692
_d
16692
942
_a
NUST-CAE
_c
M
_c
7438
999
_c
259793
_d
259793